书目信息 |
| 题名: |
电路基础
|
|
| 作者: | 郑玉祥 , 刘桂君 主编 | |
| 分册: | ||
| 出版信息: | 哈尔滨 哈尔滨工业大学出版社 1999 |
|
| 页数: | 301页 | |
| 开本: | 26cm | |
| 丛书名: | ||
| 单 册: | ||
| 中图分类: | TM13 | |
| 科图分类: | ||
| 主题词: | 电路理论 | |
| 电子资源: | ||
| ISBN: | 7-5603-1238-1 | |
| 000 | 00602nam0 2200217 45 | |
| 001 | 0306040963 | |
| 005 | 20031219104110.6 | |
| 010 | @a7-5603-1238-1@dCNY21.00 | |
| 100 | @a20030604d1999 km y0chiy0120 ea | |
| 101 | 0 | @achi |
| 105 | @a z 000yy | |
| 200 | 1 | @a电路基础@ADian Lu Ji Chu@f郑玉祥,刘桂君主编@FZheng Yu Xiang,Liu Gui Jun Zhu Bian |
| 205 | @a2版 | |
| 210 | @a哈尔滨@c哈尔滨工业大学出版社@d1999 | |
| 215 | @a301页@d26cm | |
| 606 | 0 | @a电路理论 |
| 690 | @aTM13@v4 | |
| 701 | 0 | @a郑玉祥@4主编 |
| 701 | 0 | @a刘桂君@4主编 |
| 801 | @aCN@bTSTC@c20030604 | |
| 905 | @b323668-672@dTM13@e105=2@f5 | |
| 电路基础/郑玉祥,刘桂君主编.-2版.-哈尔滨:哈尔滨工业大学出版社,1999 |
| 301页;26cm |
| ISBN 7-5603-1238-1:CNY21.00 |
| ● |
| 相关链接 |
|
|
|
|
正题名:电路基础
索取号:TM13/105=2
 
预约/预借
| 序号 | 登录号 | 条形码 | 馆藏地/架位号 | 状态 | 备注 |
| 1 | 0323668 | 203236685 | 第三借阅区/ [索取号:TM13/105=2] | 在馆 | |
| 2 | 0323669 | 203236694 | 第三借阅区/ [索取号:TM13/105=2] | 在馆 | |
| 3 | 0323670 | 203236701 | 第三借阅区/ [索取号:TM13/105=2] | 在馆 | |
| 4 | 0323671 | 203236710 | 第三借阅区/ [索取号:TM13/105=2] | 在馆 | |
| 5 | 0323672 | 203236729 | 第二样本阅览室/ [索取号:TM13/105=2] | 在馆 |